| 000 | 00689nam a2200205 i 4500 | ||
|---|---|---|---|
| 001 | 71124 | ||
| 003 | ES-MaACL | ||
| 005 | 20250819170004.0 | ||
| 007 | t| | ||
| 008 | 040805s1968 sp ||||1| spa d | ||
| 245 | 0 | 0 |
_aEstudios de sexología / _cpublicados bajo la dirección de M. Gaudefroy ; con un prefacio del Cardenal Lienart ; [traducción de Ismael Antich]. |
| 260 |
_aBarcelona : _bHerder, _c1968. |
||
| 300 |
_a492 p. : _bgráf. ; _c1968. |
||
| 650 | 0 | 7 |
_aSexología _2embne _917076 |
| 700 | 1 |
_aLienart, Aquiles _c, Cardenal. _972244 |
|
| 700 | 1 |
_aAntich, Ismael. _921892 |
|
| 700 | 1 |
_aGaudefroy, M. _955991 |
|
| 852 |
_aES-MaACL _jC-47284 _bR.65955 |
||
| 999 |
_c71124 _d71124 |
||